000 00431nam a2200169Ia 4500
008 230524s9999 xx 000 0 und d
082 _a621.72
_bCHO
100 _aS.K.Hajra Choudhury
245 0 _aElements of Workshop Technology Vol-1
250 _a11TH
260 _aMUMBAI
_bMedia Promoter
_c2005
300 _aXIV;650
500 _aQuantity Number: 7
650 _aWorkshop
700 _aA.K.Hajra Choudury
942 _cBK
999 _c10414
_d10414